Following the dilapidations protocol (Record no. 83885)

MARC details
000 -LEADER
fixed length control field 00704cab a22002055a 4500
001 - CONTROL NUMBER
control field L155595
008 - FIXED-LENGTH DATA ELEMENTS--GENERAL INFORMATION
fixed length control field 120329e20120317xxk 000 0 eng d
035 ## - SYSTEM CONTROL NUMBER
System control number (Sirsi) u155595
041 0# - LANGUAGE CODE
Language code of text/sound track or separate title eng
100 1# - MAIN ENTRY--PERSONAL NAME
Personal name Humphreys, Emma
245 00 - TITLE STATEMENT
Title Following the dilapidations protocol
260 ## - PUBLICATION, DISTRIBUTION, ETC.
Place of publication, distribution, etc. London
Name of publisher, distributor, etc. Estates Gazette
Date of publication, distribution, etc. 2012
490 ## - SERIES STATEMENT
Series statement Estates Gazette
Volume/sequential designation (1211) 17 March 2012, 87(1)
520 ## - SUMMARY, ETC.
Summary, etc. Questions about the Dilapidations Protocol which was last updated in 2008 and recently adopted as a formal pre-action protocol under the Civil Procedure Rules on 1 January 2012.
590 ## - LOCAL NOTE (RLIN)
Local note KA
651 #4 - SUBJECT ADDED ENTRY--GEOGRAPHIC NAME
Geographic name United Kingdom
690 ## - LOCAL SUBJECT ADDED ENTRY--TOPICAL TERM (OCLC, RLIN)
Topical term or geographic name as entry element Dilapidations
9 (RLIN) 6235
700 1# - ADDED ENTRY--PERSONAL NAME
Personal name Duddridge, Robert
942 ## - ADDED ENTRY ELEMENTS (KOHA)
Suppress in OPAC 0
Holdings
Withdrawn status Lost status Source of classification or shelving scheme Damaged status Not for loan Home library Current library Shelving location Date acquired Total Checkouts Full call number Barcode Date last seen Copy number Price effective from Koha item type
    Dewey Decimal Classification     London London Journal article 29/03/2012   L155595 155595-1001 06/08/2019 1 06/08/2019 Journal article